Landen met de Kortste Kustlijn - Statistieken

Algemene statistieken
  • Deze quiz is 2.352 keer genomen
  • De gemiddelde score is 10 van 20
Antwoordstatistieken
km Grenst aan de Land % Correct
4 Middellandse Zee Monaco
81%
67 Noordzee België
78%
20 Adriatische Zee Bosnië en Herzegovina
66%
158 Caribische Zee Saint Lucia
59%
135 Caribische Zee Saint Kitts en Nevis
58%
84 Caribische Zee Saint Vincent en de Grenadines
58%
121 Caribische Zee Grenada
52%
97 Atlantische Oceaan Barbados
51%
47 Golf van Triëst Slovenië
51%
153 Caribische Zee Antigua en Barbuda
50%
148 Caribische Zee Dominica
48%
80 Atlantische Oceaan Gambia
47%
56 Golf van Guinee Togo
46%
90 Oostzee Litouwen
44%
30 Stille Oceaan Nauru
44%
121 Golf van Guinee Benin
43%
24 Stille Oceaan Tuvalu
40%
58 Perzische Golf Irak
30%
26 Golf van Aqaba Jordanië
28%
37 Atlantische Oceaan Democratische Republiek Congo
23%
Geen overeenkomende quizzen gevonden
Scoreverdeling
Procent van Mensen met Elke Score
Percentiel versus Aantal Correcte Antwoorden
Uw Scoregeschiedenis
U heeft deze quiz nog niet genomen